000
00225nam a22000857a 4500
008
160719b xxu||||| |||| 00| 0 eng d
100
_9
3065
_a
Narayan, R.K
245
_a
Swami and Friends
260
_a
Chennai
_b
Indian Thoughts
_c
1935
999
_c
2628
_d
2628